Rugby League or Rugby Union? - Statistics

General Stats
  • This quiz has been taken 185 times
  • The average score is 12 of 15
Answer Stats
Question Answer % Correct
The All Blacks represent New Zealand Union
98%
Is played in teams of 13 League
92%
Is more popular worldwide Union
92%
Was founded at a meeting in Huddersfield League
90%
Queensland and New South Wales contest the State of Origin series League
90%
The main form of scoring is a try Both
88%
South Africa have won the World Cup Union
86%
Barbarian FC is an invitational club Union
86%
Was founded first Union
85%
St Helens and Leeds are dominant English clubs League
81%
The Kangaroos represent Australia League
80%
Was strictly an amateur sport until 1995 Union
63%
Professional Canadian and French clubs have competed in the English system League
58%
A conversion is worth three points Neither
44%
Brisbane is considered a 'heartland' city Both
24%
No matching quizzes found
Score Distribution
Percent of People with Each Score
Percentile by Number Answered
Your Score History
You have not taken this quiz